Democracia interna: reto ineludible de los partidos políticos /
Shranjeno v:
| Glavni avtor: | |
|---|---|
| Format: | Texto |
| Teme: | |
| Oznake: |
Označite
Brez oznak, prvi označite!
|
MARC
| LEADER | 00000 a a2200000 04500 | ||
|---|---|---|---|
| 001 | 16216 | ||
| 003 | |||
| 040 | |||
| 100 | |a Freidenberg, Flavia | ||
| 245 | |a Democracia interna: |b reto ineludible de los partidos políticos / |c Flavia Freidenberg | ||
| 650 | |a DEMOCRACIA | ||
| 650 | |a PARTIDOS POLITICOS | ||
| 650 | |a PARTICIPACION SOCIAL | ||
| 650 | |a MUJERES | ||
| 650 | |a JUVENTUD | ||
| 650 | |a GRUPOS ETINICOS | ||
| 650 | |a REFORMA POLITICA | ||
| 650 | |a COSTA RICA | ||
| 773 | |g número 1; páginas 5-19 | ||
| 999 | |c 21197 |d 21197 | ||
